000 003670000a22001450004500
020 _a0-570-06010-9
082 0 4 _aGI CTH W251t
100 1 _aWarren, Mary
245 1 0 _aThe little boat that almost sank / Mary Warren. il. Kveta Rada
260 _aMissouri : Concordia Publishing
300 _a[ 30 P.]
650 1 4 _aLiteratura Infantil
001 837
942 _cLGB
999 _c48041
_d48041